Chamber's seven-figure mathematical tables (Record no. 5404)

MARC details
000 -LEADER
fixed length control field 00548nam a2200157Ia 4500
003 - CONTROL NUMBER IDENTIFIER
control field IN-BaIIA
008 - FIXED-LENGTH DATA ELEMENTS--GENERAL INFORMATION
fixed length control field 211028s9999 xx 000 0 eng d
040 ## - CATALOGING SOURCE
Transcribing agency IIA Library
080 ## - UNIVERSAL DECIMAL CLASSIFICATION NUMBER
Universal Decimal Classification number 083:51
Item number CHA
100 ## - MAIN ENTRY--PERSONAL NAME
Personal name Pryde, James
9 (RLIN) 2504
245 #0 - TITLE STATEMENT
Title Chamber's seven-figure mathematical tables
Remainder of title consisting of logarithms of numbers1 to 100,000 trigonometrical and other tables
Statement of responsibility, etc. James Pryde
260 ## - PUBLICATION, DISTRIBUTION, ETC.
Place of publication, distribution, etc. Bombay
Name of publisher, distributor, etc. Allied Publishers
Date of publication, distribution, etc. 1958
300 ## - PHYSICAL DESCRIPTION
Extent xxv, 312p.
650 ## - SUBJECT ADDED ENTRY--TOPICAL TERM
Topical term or geographic name entry element Mathematical tables
9 (RLIN) 2448
942 ## - ADDED ENTRY ELEMENTS (KOHA)
Koha item type Books
Holdings
Withdrawn status Lost status Damaged status Not for loan Home library Current library Shelving location Date acquired Total Checkouts Full call number Barcode Date last seen Price effective from Koha item type
        IIA Library-Bangalore IIA Library-Bangalore General Stacks 22/01/1977   083:51/ CHA 6039 05/11/2021 22/01/1977 Books

Powered by Koha